|
|
|
|
| LEADER |
00657nab a2200193 i 4500 |
| 001 |
tisza5099 |
| 005 |
20200330131022.0 |
| 008 |
170424s1968 hu o 0|| hun d |
| 022 |
|
|
|a 0133-1167
|
| 040 |
|
|
|a SZTE Tiszatáj Archívum
|b hun
|
| 041 |
|
|
|a hun
|
| 100 |
2 |
|
|a Cs. Vajda János
|
| 245 |
1 |
0 |
|a Két csabai ősbemutató
|h [elektronikus dokumentum] :
|b P. Horváth László : Hét lábú paripa /
|c Cs. Vajda János
|
| 260 |
|
|
|c 1968
|
| 300 |
|
|
|a 161-162
|
| 490 |
0 |
|
|a Tiszatáj
|v 22 No. 2
|
| 695 |
|
|
|a Színikritika - magyar
|
| 700 |
0 |
2 |
|a P. Horváth László
|
| 856 |
4 |
0 |
|u http://tiszataj.bibl.u-szeged.hu/5099/1/tiszataj_1968_002_0161-0162.pdf
|z Dokumentum-elérés
|